Southville International School and Colleges
Your cart is empty.
  • Cart
  • Lists
    Public lists Eva Luna New books Lux_list list_1
    Your lists Log in to create your own lists
  • Log in to your account
  • Your cookies
  • Search history
Southville International School and Colleges
  • Advanced search
  • Recent comments
  • Most popular
  • Libraries

Log in to your account

Log in with GOOGLE


If you do not have an external account, but do have a local account, you can still log in:

  1. Home
  2. MARC view: Rizal :
Normal view MARC view ISBD view

Rizal : (Record no. 293647)

[ view plain ]
MARC details
000 -LEADER
fixed length control field 00726nam a2200277Ia 4500
003 - CONTROL NUMBER IDENTIFIER
control field SMC
005 - DATE AND TIME OF LATEST TRANSACTION
control field 20170208122845.0
008 - FIXED-LENGTH DATA ELEMENTS--GENERAL INFORMATION
fixed length control field 160418s9999 xx 000 0 und d
020 ## - INTERNATIONAL STANDARD BOOK NUMBER
International Standard Book Number 971-23-2976-3
050 ## - LIBRARY OF CONGRESS CALL NUMBER
Classification number FIL DS 675.8
050 ## - LIBRARY OF CONGRESS CALL NUMBER
Item number .R5P87 2000 c.1
100 ## - MAIN ENTRY--PERSONAL NAME
Personal name Purino, Anacoreta P.
245 ## - TITLE STATEMENT
Title Rizal :
245 ## - TITLE STATEMENT
Remainder of title ang pinakadakilang Pilipino /
245 ## - TITLE STATEMENT
Statement of responsibility, etc Anacoreta P. Purino.
260 ## - PUBLICATION, DISTRIBUTION, ETC. (IMPRINT)
Place of publication, distribution, etc Manila :
260 ## - PUBLICATION, DISTRIBUTION, ETC. (IMPRINT)
Name of publisher, distributor, etc Rex Book Store, Inc.,
260 ## - PUBLICATION, DISTRIBUTION, ETC. (IMPRINT)
Date of publication, distribution, etc 2000
300 ## - PHYSICAL DESCRIPTION
Extent 230 pages :
300 ## - PHYSICAL DESCRIPTION
Other physical details illustrations ;
300 ## - PHYSICAL DESCRIPTION
Dimensions 22 cm.
500 ## - GENERAL NOTE
General note Includes bibliographical references.
650 ## - SUBJECT ADDED ENTRY--TOPICAL TERM
Topical term or geographic name as entry element Rizal, Jose, 1861-1896.
650 ## - SUBJECT ADDED ENTRY--TOPICAL TERM
General subdivision Heroes -- Philippines -- Biography.
942 ## - ADDED ENTRY ELEMENTS (KOHA)
Source of classification or shelving scheme Library of Congress Classification
Koha item type Books
Holdings
Withdrawn status Lost status Damaged status Home library Current library Shelving location Date acquired Total Checkouts Full call number Barcode Date last seen Price effective from Koha item type
      South Mansfield College South Mansfield College Filipiniana Section     FIL DS 675.8 .R5P87 2000 c.2 SMC00235 04/18/2016 04/18/2016  

Rizal :

APA

Purino A. P., .Rizal. Manila: .

Chicago

Purino Anacoreta P, .Rizal. Manila: .

Harvard

Purino A. P., .Rizal. Manila: .

MLA

Purino Anacoreta P, .Manila: . .

  • Place hold
  • Print
  • Cite
  • Add to your cart (remove)
  • Save record
    BIBTEX Dublin Core MARCXML MARC (non-Unicode/MARC-8) MARC (Unicode/UTF-8) MARC (Unicode/UTF-8, Standard) MODS (XML) RIS
  • More searches
    Search for this title in:
    Other Libraries (WorldCat) Other Databases (Google Scholar) Online Stores (Bookfinder.com) Open Library (openlibrary.org)

Exporting to Dublin Core...

SOUTHVILLE LIBRARY

Southville International School and Colleges Library

1281 Tropical Ave. Cor. Luxembourg St., BF Homes International, Las Pinas City

Tel. No. 8256374 / 252358 Loc. 117/146

Powered by Koha